Normal view
MARC view
Entry Personal Name
001 - CONTROL NUMBER
- control field: 17230
003 - CONTROL NUMBER IDENTIFIER
- control field: OSt
005 - DATE AND TIME OF LATEST TRANSACTION
- control field: 20151028155506.0
008 - FIXED-LENGTH DATA ELEMENTS
- fixed length control field: 151028|| aca||aabn | a|a d
040 ## - CATALOGING SOURCE
- Original cataloging agency: OSt
- Transcribing agency: OSt
100 ## - HEADING--PERSONAL NAME
- Personal name: Bandyopadhyay Dr. Gobindalal
670 ## - SOURCE DATA FOUND
- Source citation: Work cat.: (OSt): Bandyopadhyay Dr. Gobindalal , Kumnd Kablar, 2010









